|
|
|
|
| LEADER |
00000naa0a2200000 4500 |
| 001 |
597543 |
| 005 |
20250206161322.0 |
| 035 |
|
|
|a (RuTPU)RU\TPU\tpu\20849
|
| 090 |
|
|
|a 597543
|
| 100 |
|
|
|a 20120311d2004 k||y0rusy50 ca
|
| 101 |
0 |
|
|a rus
|
| 102 |
|
|
|a RU
|
| 200 |
1 |
|
|a Влияние добавок топаза на синтез муллита из оксидов
|f Т. В. Вакалова, В. М. Погребенков, А. В. Иванченков
|
| 333 |
|
|
|a В фонде НТБ ТПУ отсутствует
|
| 463 |
|
|
|t Всероссийская конференция "Химия твердого тела и функциональные материалы - 2004"
|o IV семинар СО РАН - УрО РАН "Термодинамика и материаловедение", Екатеринбург, 25-28 октября 2004 г.
|v С. 57
|d 2004
|
| 610 |
1 |
|
|a труды учёных ТПУ
|
| 700 |
|
1 |
|a Вакалова
|b Т. В.
|c химик-технолог
|c профессор Томского политехнического университета, доктор технических наук
|f 1956-
|g Татьяна Викторовна
|3 (RuTPU)RU\TPU\pers\26197
|9 12005
|
| 701 |
|
1 |
|a Погребенков
|b В. М.
|c российский учёный в области физики высоких технологий
|c профессор Томского политехнического университета
|f 1954-
|g Валерий Матвеевич
|3 (RuTPU)RU\TPU\pers\26404
|4 070
|
| 701 |
|
1 |
|a Иванченков
|b А. В.
|
| 801 |
|
1 |
|a RU
|b 63413507
|c 20120311
|
| 942 |
|
|
|c BK
|